00820nam a22002057a 4500003000400000005001700004008004100021020001400062040002900076050002300105100002800128245010200156250001200258260005900270300004700329650004200376942001500418952016400433999001700597OSt20260629113305.0260629b |||||||| |||| 00| 0 eng d a013112790 cChuka University Library aLB 1028b.C74 2005 aCreswell John W.914043 aEducational Research; Planning, Conducting ,and Evaluating Quantitative and Qualitative Research a2nd ed. aUpper Saddle RiverbPerson Merrill Prentice Hallc2005 axvi 623 pagesbillustrated includes pages aEducation-Research-Methodology931354 2lcccBKn0 00102lcc40708LGLaCHKbCHKcGENd2026-06-29eDonation from Books for Africag2716.98l0oLB 1028 .C74 2005p35967/2026r2026-06-29 11:30:24w2026-06-29yBK c25290d25290